000 00584nam a2200193Ia 4500
005 20250508150302.0
008 008 250505s9999 xx 000 0 eng d
037 _aReference
040 _aFEDL
_beng
_cFEDL
041 _aeng
_2eng
084 _a375, BIN
_qFEDL
100 _aBining Arthur C
_992071
245 0 _aOrganizing the social studies in secondary schools
260 _aNew York, USA
_bMcGraw Hill Book Company Inc
_c1941
300 _axi,337p
700 _a Mohr Walter H McFeely Richard H
_9756319
942 _cREF
_h375, BIN
999 _c1322815
_d1322815